| 000 | 00441nam a2200157 i 4500 | ||
|---|---|---|---|
| 001 | 134789 | ||
| 003 | ES-MaACL | ||
| 007 | t| | ||
| 008 | 070913s1974 sp ||||1| spa d | ||
| 100 | 1 |
_aWeiss, Peter. _9116409 |
|
| 245 | 1 | 0 |
_aInformes / _cPeter Weiss ; [traductor: Gabriel Ferrater]. |
| 260 |
_aMadrid : _bAlianza, _c[1974] |
||
| 300 |
_a175 p. ; _c18 cm. |
||
| 700 | 1 |
_aFerrater, Gabriel. _950337 |
|
| 852 |
_aES-MaACL _jE-5721 _bR.89938 |
||
| 999 |
_c134789 _d134789 |
||